| 000 | 00843nam a2200193Ia 4500 | ||
|---|---|---|---|
| 003 | GCL | ||
| 008 | 140319s9999 xx 000 0 ara d | ||
| 040 |
_aGCL / _cGCL |
||
| 082 | 0 | 4 |
_a327.47055 _bف ع |
| 100 | 1 | _aفريد حاتم الشحف | |
| 245 | 1 | 0 |
_aالعلاقات الروسية الايرانية واثرها فى الخريطة الجيوسياسية فى منطقة الخليج العربى ومنطقة اسيا الوسطى والقفقاس / _cفريد حاتم الشحف |
| 250 | _aالاولى | ||
| 260 |
_aسوريا : _bدار الطليعة الجديدة ، _c2005 |
||
| 300 |
_a159 ص ؛ _c24 سم |
||
| 650 | 0 | 4 | _aروسيا - الاحوال السياسية |
| 650 | 0 | 4 | _aايران - الاحوال السياسية |
| 650 | 0 | 4 | _aروسيا - العلاقات الخارجية - ايران |
| 942 |
_2ddc _cBK |
||
| 999 |
_c8515 _d8515 |
||